Statistiche per Personaggi della Melevisione

Clicka qui per fare il quiz!

Statistiche generali

  • Questo quiz è stato fatto 55 volte
  • Il punteggio medio è 7 su 13

Statistiche sulle risposte

HintRisposta% Corretto
Guido RuffaLupo Lucio
94%
Danilo BertazziTonio Cartonio
79%
Zahira BerrezougaStrega Varana
74%
Lorenzo BranchettiMilo Cotogno
72%
Paola D'ArienzoFata Lina
55%
Giuseppe LoconsoleOrco Rubio
55%
Carlotta JossettiPrincipessa Odessa
55%
Enrico DusioPrincipe Giglio
53%
Roberta TriggianiStrega Salamandra
47%
Licia NavarriniBalia Bea
40%
Diego CasalisOrco Manno
30%
Barbara AbbondanzaOrchidea
23%
Riccardo ForteVermio Malgozzo
15%

Distribuzione punteggi

Percentile per numero di risposta

Percentuale di utenti per punteggio

I tuoi punteggi nel tempo

Non hai fatto questo quiz